[Event "Reunion op 14th"]
[Site "St Denis"]
[Date "2012.10.11"]
[Round "6"]
[White "Artigaud, Laurent"]
[Black "Strate, Wolfgang"]
[Result "0-1"]
[WhiteElo "1500"]
[BlackElo "1689"]
[PlyCount "102"]
[EventDate "2012.10.06"]
[EventType "swiss"]
[EventRounds "9"]
[EventCountry "RUF"]
[SourceTitle "EXT 2013"]
[Source "ChessBase"]
[SourceDate "2012.11.22"]
[SourceVersion "1"]
[SourceVersionDate "2012.11.22"]
[SourceQuality "1"]

1. d4 Nf6 2. Nf3 d5 3. e3 Bg4 4. h3 Bxf3 5. Qxf3 e6 6. Bd3 Nbd7 7. b3 e5 8. dxe5 Nxe5 9. Qd1 Ne4 10. Bxe4 dxe4 11. 0-0 Qf6 12. c3 Rd8 13. Qe2 Bd6 14. Nd2 Qg6 15. Bb2 Nd3 16. Rab1 0-0 17. c4 f5 18. f4 Bb4 19. Kh2 Bxd2 20. Qxd2 Nxf4 21. Qf2 Nd3 22. Qg3 Qxg3+ 23. Kxg3 Rd6 24. Rfd1 Rfd8 25. Bc3 c5 26. Rd2 g5 27. Rbd1 Kf7 28. a3 Ke6 29. b4 h5 30. b5 f4+ 31. exf4 Nxf4 32. Rxd6+ Rxd6 33. Rxd6+ Kxd6 34. Bd2 Ne6 35. Kf2 Ke5 36. Be3 Nf4 37. a4 b6 38. Bd2 Kd4 39. a5 Kxc4 40. h4 Kd3 41. axb6 axb6 42. Bc1 Kc2 43. Be3 Nd3+ 44. Ke2 gxh4 45. Bg5 c4 46. Bd8 Nf4+ 47. Kf2 Nd5 48. Bg5 Kd3 49. Ke1 c3 50. Kd1 Ne3+ 51. Kc1 Nxg2 0-1